00939cam a2200241 a 450000100100000000500170001000800410002702000150006804000230008304200140010608200190012010000780013924500490021726000500026630000200031649000490033665000360038565000480042183000570046991000340052695201220056099900150068200000603520200929151909.0010306s2000 pr 001 0 spa d a1563281627 aDO-SdBNPcPIFdDLC alccopycat aRP861.4bL181r1 aLaguerre, Enrique A.q(Enrique Arturo Laguerre Vélez)d1906-200591702010aResiduos de los tiempos /cEnrique Laguerre. aSan Juan, Puerto Rico; :bPlaza Mayor,c2000. a90 p. ;c21 cm.1 aBiblioteca de autores de Puerto Ricovno. 83 4aPoesía puertorriqueña91015 4aLiteratura puertorriqueñaySIGLO XX95311 0aBiblioteca de autores de Puerto Rico ;vno. 8399722 aCatalogación por copia / LC 001052708MOaGRbGRcCTd2009-08-25iLF1l0oRP861.4 L181rp6035-10r2020-06-25w2020-06-25y2ZPréstamo interno c5831d5831